| 000 | 00719nam a2200217 a 4500 | ||
|---|---|---|---|
| 005 | 20250321063750.0 | ||
| 008 | 991125s1982 mx 000 0 spa u | ||
| 020 | _a9684192045 | ||
| 035 | _aUPN01000007717 | ||
| 049 | _aCG | ||
| 050 | 4 |
_aP91 _bS258 |
|
| 245 | 0 | 3 |
_aLa ciencia de la comunicación humana / _ccomp. Wilbur Schramm ; tr. Rogelio Carvajal. |
| 260 |
_aMéxico : _bGrijalbo, _c1982. |
||
| 300 | _a191 p. | ||
| 440 | 0 | _aTratados y manuales Grijalbo | |
| 534 |
_pTraducción de: _tThe science of human communication |
||
| 650 | 2 |
_aComunicación - _xInvestigación _92288 |
|
| 650 | 4 |
_aMEDIOS MASIVOS DE COMUNICACION - _zESTADOS UNIDOS |
|
| 700 | 1 |
_aSchramm, Wilbur, _d1907-1987 _ecomp. _929985 |
|
| 905 | _aLibro | ||
| 999 |
_c7717 _d7717 |
||